Statistics for German Words for Animals (Insects and Arachnids)

Click here to take the quiz!

General Stats

  • This quiz has been taken 6 times
  • The average score is 17 of 24

Answer Stats

EnglishAnswer% Correct
BeeBiene
100%
FlyFliege
100%
ButterflySchmetterling
100%
SpiderSpinne
100%
BeetleKäfer
83%
LadybugMarienkäfer
83%
AntAmeise
67%
Praying MantisFangschrecke/Gottesanbeterin
67%
FleaFloh
67%
Firefly/Lightning BugGlühwürmchen/Leuchtkäfer
67%
CricketGrille
67%
GrasshopperHeuschrecke/Grashüpfer
67%
CockroachKakerlake
67%
DragonflyLibelle/Seejungfer/Wasserjungfer
67%
MosquitoMoskito/Mücke
67%
MothMotte/Nachtfalter
67%
EarwigOhrwurm
67%
ScorpionSkorpion
67%
Stick Insect/Walking StickStabheuschrecke
67%
TermiteTermite
67%
WaspWespe
67%
CicadaZikade/Zirpe
67%
Yellow JacketWaldwespe
50%
Leaf InsectWandelndes Blatt
50%

Score Distribution

Percentile by Number Answered

Percent of People with Each Score

Your Score History

You have not taken this quiz